Sun Tzu: el arte de la guerra para ejecutivos e inversores
Uloženo v:
| Hlavní autor: | |
|---|---|
| Médium: | Kniha |
| Jazyk: | španělština |
| Vydáno: |
Buenos Aires
Distal
2003
|
| Vydání: | 1a. ed |
| Témata: | |
| Tagy: |
Přidat tag
Žádné tagy, Buďte první, kdo vytvoří štítek k tomuto záznamu!
|
MARC
| LEADER | 00000nam a2200000 a 4500 | ||
|---|---|---|---|
| 001 | UCG1488 | ||
| 003 | CL-VaPUC | ||
| 008 | 100506e20030000AG |||||||||||||||||spa|d | ||
| 020 | |a 9875020958 | ||
| 082 | 0 | 4 | |a 658 |b LUN |2 21 |
| 100 | |a Lundell, Dean |e autor |9 549435 | ||
| 245 | 1 | 0 | |a Sun Tzu: el arte de la guerra para ejecutivos e inversores |
| 250 | |a 1a. ed | ||
| 300 | |a 224 p | ||
| 942 | |c BK | ||
| 945 | |d 20100506 00:00:00 |a cmena | ||
| 260 | |a Buenos Aires |b Distal |c 2003 | ||
| 650 | 0 | |a Administración de empresas |9 260833 | |
| 650 | 0 | |a Toma de decisiones |9 257530 | |
| 650 | 0 | |a Administración financiera |9 261146 | |
| 650 | 0 | |a Planificación estratégica |9 259735 | |
| 650 | 0 | |a Mercado financiero |9 334172 | |
| 650 | 0 | |a Inversiones de capital |9 271545 | |
| 583 | |a last modification |c 20100506 00:00:00 |k Rodrigo Vera | ||
| 999 | |c 340840 |d 340838 | ||
| 952 | |0 0 |1 0 |4 0 |6 658_000000000000000_LUN_2003 |7 0 |8 C |9 435972 |a BIBCUR |b BIBCUR |d 2019-11-22 |i 4670159 |o 658 LUN 2003 |p 4670159 |r 2025-04-22 |w 2019-11-22 |y BK |k IDI | ||